Drapeaux de pays, mais version Macédoine du Nord - Statistiques

Statistiques générales
  • Ce quiz a été pris 16 fois
  • Le résultat moyen est 15 sur 16
Statistiques - réponses
Par images Réponse % Correct
Honduras
100%
Laos
100%
Lesotho
100%
Maldives
100%
Niger
100%
Ouganda
100%
Paraguay
100%
Tadjikistan
100%
Burkina Faso
94%
Égypte
94%
Éthiopie
94%
Haïti
94%
Inde
94%
Iran
94%
Kirghizistan
94%
Salvador
88%
Aucun quiz correspondant
Distribution des résultats
% des personnes avec chaque résultat
Percentile par nombre de réponses
Votre historique - résultats
Vous n’avez pas pris ce quiz